| 000 | 00378nam a2200145Ia 4500 | ||
|---|---|---|---|
| 008 | 230312s9999||||xx |||||||||||||| ||und|| | ||
| 020 | _a178-0678-13-6 | ||
| 082 |
_a724.6 _bROB-I |
||
| 100 | _aRobson;David | ||
| 245 | 0 | _aIn Search of Bawa master architect of sri lanka | |
| 260 |
_bTalisman _aUSA _c2015 |
||
| 300 | _a141 | ||
| 650 |
_aArchitecture _vArchitecture |
||
| 942 | _cBK | ||
| 999 |
_c12693 _d12693 |
||